Versunkene deutsche Geschichte im Osten
| Titel: | Versunkene deutsche Geschichte im Osten |
|---|---|
| Verfasser: | |
| In: |
Neue politische Literatur, Band 39, Heft 1 (1994), Seite 108-109 alle Artikel anzeigen |
| Veröffentlicht: | 1994 |
| Format: | Aufsatz |
| Sprache: | Deutsch |
X
alg: 39503815 001A $01999:12-11-16 001B $01999:04-08-21 $t21:02:49.000 001C $06050:19-11-16 $t08:31:52.000 001D $01999:12-11-16 001U $0utf8 001X $00 002@ $0Aox 003@ $0395038154 007A $0395038154 $aHEB 007T $0Herd26893 010@ $ager 011@ $a1994 021A $aVersunkene deutsche Geschichte im Osten 028A $aHöpfner $dHans Paul 031A $d39 $e1 $h108-109 $j1994 039B $aIn $8--Abvc--. Neue politische Literatur. - Wiesbaden : Springer VS, 1956-. - ISSN 0028-3320 $x199400000390001892 $9046846980 039T $8--Afu--. Deutsche Geschichte im Osten Europas. Ostpreußen und Westpreußen. - 2. Aufl.. - Berlin : Siedler, 1993. - 479 S.. - Ill., graph. Darst., Kt.. - ISBN 3-88680-212-4 $9026162504 045F $a900.94382 $eDDC23BSB 045F/01 $a900 045F/03 $g4382 045F/03 $g43832 045T $a3,6 lok: 39503815 78 exp: 39503815 78 1 #EPN 201B/01 $018-11-16 $t13:33:28.000 201U/01 $0utf8 203@/01 $079133676X 208@/01 $a12-11-16 $be 209A/01 $a/ $f000 $x00 220C/01 $aTitelaufnehmer: gk 244Z/01 $2Trx $#Prusy Wschodnie i Zachodnie $8--Trx--Ost- und Westpreußen $x01 $939113373X 244Z/01 $2Trx $#arvustused $#recenzijos $#Reviews $#recenziók $#recenzje $#recenzie $#recenze $8--Trx--Rezensionen $x02 $9391357441 247C/01 $82080>Marburg/Lahn, Herder-Institut, Forschungsbibliothek, Bibliographieportal $9336309341
| LEADER | 00000caa a22000002c 4500 | ||
|---|---|---|---|
| 001 | 395038154 | ||
| 003 | DE-603 | ||
| 005 | 20210804210249.0 | ||
| 007 | tu | ||
| 008 | 161112s1994 xx |||| | u00||u|ger c | ||
| 035 | |a (DE-599)HEB395038154 | ||
| 040 | |a DE-603 |b ger |c DE-603 |d DE-603 | ||
| 041 | |a ger | ||
| 082 | 0 | 4 | |8 1\u |a 900.94382 |q DE-101 |2 23/BSB |
| 084 | |a 3,6 |2 ssgn | ||
| 085 | |8 1\u |b 900 | ||
| 085 | |8 1\u |z 2 |s 4382 | ||
| 085 | |8 1\u |z 2 |s 43832 | ||
| 100 | 1 | |a Höpfner, Hans Paul | |
| 245 | 0 | 0 | |a Versunkene deutsche Geschichte im Osten |
| 264 | 0 | |c 1994 | |
| 773 | 0 | 8 | |i In |t Neue politische Literatur |d Wiesbaden : Springer VS, 1956- |x 0028-3320 |g Band 39, Heft 1 (1994), Seite 108-109 |w (DE-603)046846980 |w (DE-600)3402-2 |
| 787 | 0 | 8 | |i Rezension von |t Deutsche Geschichte im Osten Europas. Ostpreußen und Westpreußen |b 2. Aufl. |d Berlin : Siedler, 1993 |h 479 S., Ill., graph. Darst., Kt. |z 3886802124 |w (DE-603)026162504 |
| 924 | 0 | |9 2080 |a (DE-603)79133676X |b DE-2080 |c HES |d d |g / | |


